Theory Of Computation (Record no. 345883)

MARC details
000 -LEADER
fixed length control field 00437nam a2200169Ia 4500
008 - FIXED-LENGTH DATA ELEMENTS--GENERAL INFORMATION
fixed length control field 230718s9999 xx 000 0 und d
020 ## - INTERNATIONAL STANDARD BOOK NUMBER
International Standard Book Number 9780198084587
041 ## - LANGUAGE CODE
Language code of text/sound track or separate title eng
082 ## - DEWEY DECIMAL CLASSIFICATION NUMBER
Classification number 004
Item number KUL
100 ## - MAIN ENTRY--PERSONAL NAME
Personal name Kulkarni V.
245 ## - TITLE STATEMENT
Title Theory Of Computation
260 ## - PUBLICATION, DISTRIBUTION, ETC. (IMPRINT)
Date of publication, distribution, etc. 2013
Name of publisher, distributor, etc. Oxford University Press
300 ## - PHYSICAL DESCRIPTION
Extent 529
365 ## - TRADE PRICE
Currency code Rs.
Price amount 450.00
700 ## - ADDED ENTRY--PERSONAL NAME
Personal name Kulkarni V.
906 ## - LOCAL DATA ELEMENT F, LDF (RLIN)
d O:0575807-Nov-2017B:481030-Oct-2017
c COMP
b 3150
Holdings
Withdrawn status Lost status Damaged status Not for loan Home library Current library Date acquired Vendor Budget Code Cost, normal purchase price Bill number Total Checkouts Total Renewals Full call number Barcode Checked out Date last seen Date last checked out Discount Cost, replacement price Bill Date Koha item type Original Barcode
        Cummins College of Engineering for Women Pune Cummins College of Engineering for Women Pune 07/11/2017 Vaibhav Book House COMP 324.00 4810 17 1 004 CCEP-BK-57090 15/04/2026 31/03/2026 31/03/2026 3150 450.00 30/10/2017 Books 057090